[Event "Winnipeg TNT January op"]
[Site "Winnipeg"]
[Date "2008.01.22"]
[Round "3"]
[White "Adol, Deng"]
[Black "Green, Aaron"]
[Result "1-0"]
[WhiteElo "1804"]
[BlackElo "1563"]
[PlyCount "39"]
[EventDate "2008.01.08"]
[EventType "swiss"]
[EventRounds "4"]
[EventCountry "CAN"]
[SourceTitle "EXT 2011"]
[Source "ChessBase"]
[SourceDate "2010.11.26"]
[SourceVersion "1"]
[SourceVersionDate "2010.11.26"]
[SourceQuality "1"]

1. e4 c5 2. a3 d6 3. Bc4 Nf6 4. d3 g6 5. h3 Bg7 6. Nc3 e6 7. Bg5 h6 8. Bh4 0-0 9. Qd2 Nc6 10. 0-0-0 a6 11. g4 g5 12. Bg3 e5 13. f3 b5 14. Ba2 Be6 15. Nd5 Bxd5 16. exd5 Ne7 17. h4 Nfxd5 18. hxg5 hxg5 19. Qxg5 Nc7 20. Qh5 1-0

[Event "Winnipeg TNT January op"]
[Site "Winnipeg"]
[Date "2008.01.08"]
[Round "1"]
[White "Adol, Deng"]
[Black "Gibbons, Lorne"]
[Result "1-0"]
[WhiteElo "1804"]
[BlackElo "1273"]
[PlyCount "44"]
[EventDate "2008.01.08"]
[EventType "swiss"]
[EventRounds "4"]
[EventCountry "CAN"]
[SourceTitle "EXT 2011"]
[Source "ChessBase"]
[SourceDate "2010.11.26"]
[SourceVersion "1"]
[SourceVersionDate "2010.11.26"]
[SourceQuality "1"]

1. e4 e6 2. Nc3 b6 3. Bc4 Bb7 4. d3 c6 5. Nf3 d5 6. exd5 cxd5 7. Bb3 h6 8. Bf4 g5 9. Bg3 Bb4 10. 0-0 Bxc3 11. bxc3 Nd7 12. Ba4 a6 13. c4 dxc4 14. dxc4 Bxf3 15. Qxf3 Rc8 16. Bc6 Ne7 17. Bxd7+ Qxd7 18. Qf6 Ng6 19. Rad1 Qe7 20. Qc3 b5 21. Bd6 Rxc4 22. Qg7 Qb7 1-0

[Event "Winnipeg February Sect-B"]
[Site "Winnipeg"]
[Date "2007.02.11"]
[Round "5"]
[White "Adol, Deng"]
[Black "Gannon, Keith"]
[Result "1-0"]
[WhiteElo "1783"]
[BlackElo "1665"]
[PlyCount "141"]
[EventDate "2007.02.09"]
[EventType "swiss"]
[EventRounds "5"]
[EventCountry "CAN"]
[SourceTitle "EXT 2019"]
[Source "ChessBase"]
[SourceDate "2018.10.10"]
[SourceVersion "1"]
[SourceVersionDate "2018.10.10"]
[SourceQuality "1"]

1. e4 e5 2. Bc4 Nf6 3. d3 d6 4. h3 Be7 5. Nc3 Nbd7 6. Be3 0-0 7. Qe2 c6 8. g4 b5 9. Bb3 a5 10. a4 b4 11. Na2 Bb7 12. g5 Ne8 13. h4 d5 14. 0-0-0 Nc5 15. Bxc5 Bxc5 16. Nf3 Qc7 17. exd5 cxd5 18. Nxe5 Bd4 19. Nf3 Qf4+ 20. Kb1 Nc7 21. Rdf1 Rae8 22. Qd1 Re7 23. h5 Bb6 24. Rh4 Qd6 25. g6 fxg6 26. hxg6 Qxg6 27. Rfh1 Qg2 28. Ne1 Qxf2 29. Rxh7 Re2 30. Nc1 Rxe1 31. Rh8+ Kf7 32. Rxf8+ Kxf8 33. Rxe1 Qc5 34. Qf3+ Kg8 35. Re5 Qf2 36. Qxf2 Bxf2 37. Re7 Bg3 38. Ne2 Kf8 39. Rd7 Bc6 40. Rd8+ Ke7 41. Rg8 Be5 42. Rc8 Bd7 43. Rb8 Bc6 44. Rb6 Bd7 45. Rb7 Bc6 46. Ra7 g5 47. d4 Bd6 48. Rxa5 g4 49. Ra7 g3 50. Kc1 Bd7 51. Kd2 g2 52. Ke3 Bg4 53. Ng1 Bh2 54. Kf2 Kd6 55. Kxg2 Bxg1 56. Kxg1 Bd1 57. Rb7 Ne6 58. Rxb4 Nf4 59. Kf2 Kc6 60. Ke3 Ng2+ 61. Kd2 Bf3 62. a5 Bg4 63. Rb6+ Kc7 64. Bxd5 Nf4 65. Bh1 Bc8 66. c4 Ne6 67. Kc3 Nd8 68. b4 Bb7 69. Bxb7 Nxb7 70. Rxb7+ Kxb7 71. b5 1-0

[Event "Winnipeg February Sect-B"]
[Site "Winnipeg"]
[Date "2007.02.11"]
[Round "4"]
[White "Green, Jim"]
[Black "Adol, Deng"]
[Result "1-0"]
[WhiteElo "1769"]
[BlackElo "1783"]
[PlyCount "84"]
[EventDate "2007.02.09"]
[EventType "swiss"]
[EventRounds "5"]
[EventCountry "CAN"]
[SourceTitle "EXT 2019"]
[Source "ChessBase"]
[SourceDate "2018.10.10"]
[SourceVersion "1"]
[SourceVersionDate "2018.10.10"]
[SourceQuality "1"]

1. e4 e5 2. Nf3 Nc6 3. Bb5 d6 4. d4 exd4 5. Nxd4 Bd7 6. Nxc6 bxc6 7. Bc4 Be7 8. Nc3 Bf6 9. Qf3 Ne7 10. Bg5 Ng6 11. Bxf6 Qxf6 12. Qxf6 gxf6 13. h3 Rg8 14. g4 Ne5 15. Be2 Rb8 16. 0-0-0 Be6 17. f4 Nxg4 18. hxg4 Bxg4 19. Rdg1 h5 20. Rxh5 Bxe2 21. Rxg8+ Ke7 22. Rxb8 Bxh5 23. Rb7 Kd7 24. Rxa7 Bf3 25. Ra5 Ke6 26. Kd2 Ke7 27. Ke3 Bg4 28. f5 Kd7 29. b4 Bh3 30. b5 cxb5 31. Rxb5 Bf1 32. Ne2 Kc6 33. c4 Kd7 34. a4 Kc8 35. a5 c6 36. Rb4 d5 37. cxd5 cxd5 38. exd5 Bg2 39. Rb5 Kc7 40. a6 Kc8 41. a7 Bxd5 42. Rxd5 Kb7 1-0

[Event "Winnipeg TNT January op"]
[Site "Winnipeg"]
[Date "2007.01.30"]
[Round "4"]
[White "Adol, Deng"]
[Black "Babb, Jeff"]
[Result "1-0"]
[WhiteElo "1783"]
[BlackElo "2203"]
[PlyCount "143"]
[EventDate "2007.01.09"]
[EventType "swiss"]
[EventRounds "4"]
[EventCountry "CAN"]
[SourceTitle "EXT 2008"]
[Source "ChessBase"]
[SourceDate "2007.11.25"]
[SourceVersion "1"]
[SourceVersionDate "2007.11.25"]
[SourceQuality "1"]

1. Nc3 g6 2. e3 Bg7 3. Nf3 d5 4. d4 Nf6 5. Be2 0-0 6. h3 c5 7. dxc5 Qa5 8. 0-0 Qxc5 9. Qd4 Qxd4 10. exd4 Bf5 11. Ne1 Nc6 12. Be3 h5 13. a3 Rfd8 14. Rc1 Rac8 15. Na2 Ne4 16. c3 Na5 17. g4 hxg4 18. hxg4 Be6 19. Kg2 Nc4 20. Bxc4 dxc4 21. f3 Nf6 22. Kg3 Nd5 23. Bd2 a5 24. Ng2 b5 25. Ne3 Rc6 26. Rce1 Kf8 27. Nxd5 Bxd5 28. f4 Ke8 29. Rf2 Kd7 30. f5 Rg8 31. Rfe2 Bf6 32. Rf2 Rb6 33. Bc1 gxf5 34. Rxf5 Be6 35. Rxe6 fxe6 36. Rc5 Rb7 37. Bf4 Rh8 38. Nc1 Ke8 39. b3 b4 40. Rxc4 bxc3 41. Be5 Rh1 42. Bf4 e5 43. dxe5 Bxe5 44. Bxe5 Rxc1 45. b4 axb4 46. axb4 c2 47. Kf2 Rxb4 48. Rxb4 Rf1+ 49. Kxf1 c1Q+ 50. Ke2 Qc2+ 51. Ke1 Qc5 52. Re4 Qg1+ 53. Ke2 Qg2+ 54. Ke3 Qg1+ 55. Kf3 Qf1+ 56. Ke3 Qe1+ 57. Kf3 Qd1+ 58. Ke3 Qb3+ 59. Kf4 Kf7 60. Kg5 Qd5 61. Rf4+ Ke8 62. Kf5 Kf7 63. Kg5+ Ke8 64. Kf5 Qd3+ 65. Re4 Kf7 66. g5 Qf3+ 67. Rf4 Qh3+ 68. Ke4+ Ke6 69. Rf3 Qg4+ 70. Bf4 Qg2 71. Be3 Qg4+ 72. Bf4 1-0

[Event "Winnipeg TNT January op"]
[Site "Winnipeg"]
[Date "2007.01.16"]
[Round "2"]
[White "Tang, Edward"]
[Black "Adol, Deng"]
[Result "1-0"]
[WhiteElo "2099"]
[BlackElo "1783"]
[PlyCount "31"]
[EventDate "2007.01.09"]
[EventType "swiss"]
[EventRounds "4"]
[EventCountry "CAN"]
[SourceTitle "EXT 2008"]
[Source "ChessBase"]
[SourceDate "2007.11.25"]
[SourceVersion "1"]
[SourceVersionDate "2007.11.25"]
[SourceQuality "1"]

1. e4 e5 2. Nf3 d6 3. d4 exd4 4. Qxd4 Nc6 5. Bb5 Bd7 6. Bxc6 Bxc6 7. Nc3 Qd7 8. Bg5 f6 9. Be3 g5 10. 0-0-0 Bg7 11. Qc4 h6 12. Nd4 0-0-0 13. Ncb5 Bxb5 14. Nxb5 a6 15. Nxd6+ Kb8 16. Nf7 1-0

[Event "Winnipeg TNT January op"]
[Site "Winnipeg"]
[Date "2007.01.09"]
[Round "1"]
[White "Adol, Deng"]
[Black "Gibbons, Lorne"]
[Result "1-0"]
[WhiteElo "1783"]
[BlackElo "1338"]
[PlyCount "30"]
[EventDate "2007.01.09"]
[EventType "swiss"]
[EventRounds "4"]
[EventCountry "CAN"]
[SourceTitle "EXT 2008"]
[Source "ChessBase"]
[SourceDate "2007.11.25"]
[SourceVersion "1"]
[SourceVersionDate "2007.11.25"]
[SourceQuality "1"]

1. e4 e5 2. Bc4 Nf6 3. d3 h6 4. Nf3 Nc6 5. a3 Bc5 6. 0-0 d6 7. Be3 Bxe3 8. fxe3 Qe7 9. Nh4 Be6 10. Nf5 Bxf5 11. Rxf5 0-0 12. Nc3 Rfe8 13. Nd5 Nxd5 14. Bxd5 Nd8 15. Qg4 Qd7 1-0

[Event "Winnipeg Mike Shpan Memorial"]
[Site "Winnipeg"]
[Date "2006.12.12"]
[Round "6"]
[White "Clark, Jeff"]
[Black "Adol, Deng"]
[Result "1-0"]
[WhiteElo "1757"]
[BlackElo "1795"]
[PlyCount "125"]
[EventDate "2006.11.07"]
[EventType "swiss"]
[EventRounds "6"]
[EventCountry "CAN"]
[SourceTitle "EXT 2019"]
[Source "ChessBase"]
[SourceDate "2018.10.10"]
[SourceVersion "1"]
[SourceVersionDate "2018.10.10"]
[SourceQuality "1"]

1. Nf3 d5 2. g3 h6 3. Bg2 e6 4. 0-0 Nc6 5. d4 Bd6 6. Nbd2 h5 7. e4 h4 8. e5 Be7 9. Re1 hxg3 10. hxg3 Nh6 11. Nf1 Nf5 12. Ne3 g6 13. c3 b6 14. Nxf5 gxf5 15. Bf4 Bb7 16. Qd2 Qd7 17. b4 0-0-0 18. a4 Rdg8 19. Qe2 Kb8 20. a5 Rg4 21. axb6 axb6 22. Qd2 Qe8 23. Ra2 Qg8 24. Rea1 Qh7 25. Ra4 Kc8 26. Kf1 Nb8 27. Ke2 Bc6 28. Ra7 Bb5+ 29. Kd1 Bc4 30. Kc2 Qg8 31. Bf1 Bxf1 32. Rxf1 Qe8 33. Rfa1 Qc6 34. Kb2 Qc4 35. Qe3 Kd7 36. Nd2 Qb5 37. Ra8 Kc8 38. R1a7 Rh2 39. Kc2 Qc6 40. Kb3 Rh1 41. Qe2 Rc1 42. Qd3 Rg8 43. Nf3 Rh1 44. b5 Qe8 45. c4 Qd8 46. Kc2 Rgh8 47. Qb3 Rf1 48. Be3 f4 49. gxf4 Rh3 50. Rxb8+ Kxb8 51. Qa4 Kc8 52. Ra8+ Kd7 53. Rxd8+ Bxd8 54. Nd2 Re1 55. cxd5 Rhh1 56. dxe6+ fxe6 57. Ne4 Be7 58. Qc4 Bd8 59. d5 exd5 60. Qxd5+ Ke7 61. f5 Ke8 62. Qg8+ Kd7 63. Qe6# 1-0

[Event "Winnipeg Mike Shpan Memorial"]
[Site "Winnipeg"]
[Date "2006.11.07"]
[Round "1"]
[White "Adol, Deng"]
[Black "Evans, Brian"]
[Result "1-0"]
[WhiteElo "1795"]
[BlackElo "1474"]
[PlyCount "67"]
[EventDate "2006.11.07"]
[EventType "swiss"]
[EventRounds "6"]
[EventCountry "CAN"]
[SourceTitle "EXT 2019"]
[Source "ChessBase"]
[SourceDate "2018.10.10"]
[SourceVersion "1"]
[SourceVersionDate "2018.10.10"]
[SourceQuality "1"]

1. e4 c5 2. d3 e6 3. Be2 Nc6 4. Nf3 Nf6 5. a3 d5 6. exd5 exd5 7. 0-0 Be7 8. d4 0-0 9. dxc5 Bxc5 10. Bd3 Ng4 11. h3 Nxf2 12. Rxf2 Qb6 13. Qf1 Bxf2+ 14. Qxf2 Qxf2+ 15. Kxf2 d4 16. Bf4 Re8 17. b4 Rd8 18. Nbd2 Be6 19. b5 Ne7 20. Re1 Rac8 21. Ng5 g6 22. Nxe6 fxe6 23. Rxe6 Nd5 24. Bh6 Re8 25. Rxe8+ Rxe8 26. Bc4 Rd8 27. Ne4 Kh8 28. Ng5 Rd7 29. Kg1 b6 30. Ne6 Rd6 31. Bg7+ Kg8 32. Bxd4 Kf7 33. Nc7 Ke7 34. Nxd5+ 1-0

[Event "Winnipeg ThankGibbons op-B"]
[Site "Winnipeg"]
[Date "2006.10.20"]
[Round "1"]
[White "Khedkar, Jay S"]
[Black "Adol, Deng"]
[Result "1-0"]
[WhiteElo "1814"]
[BlackElo "1782"]
[PlyCount "101"]
[EventDate "2006.10.20"]
[EventType "tourn"]
[EventRounds "5"]
[EventCountry "CAN"]
[SourceTitle "EXT 2019"]
[Source "ChessBase"]
[SourceDate "2018.10.10"]
[SourceVersion "1"]
[SourceVersionDate "2018.10.10"]
[SourceQuality "1"]

1. d4 d5 2. Nf3 h6 3. c4 dxc4 4. Qa4+ c6 5. Qxc4 Be6 6. Qc2 g6 7. Nc3 Bg7 8. e3 Na6 9. Bxa6 bxa6 10. Qa4 Qb6 11. 0-0 Nf6 12. Ne5 Rc8 13. Rd1 0-0 14. Nd3 Nd5 15. Nc5 a5 16. Nxe6 fxe6 17. Ne4 Qb5 18. Qxb5 cxb5 19. Nc5 Rc6 20. Bd2 a4 21. Rac1 Rfc8 22. Nxe6 Rxc1 23. Rxc1 Rxc1+ 24. Bxc1 Nb4 25. Nc5 Nxa2 26. Bd2 e5 27. d5 e4 28. d6 Kf7 29. d7 Bf6 30. Ba5 Nc1 31. Nxe4 Be7 32. d8Q Bxd8 33. Bxd8 b4 34. Bf6 Nb3 35. Kf1 Nd2+ 36. Nxd2 Kxf6 37. Ke2 a3 38. bxa3 bxa3 39. Kd3 a5 40. Kc2 a4 41. Kb1 g5 42. Ka2 g4 43. Kxa3 h5 44. Kxa4 h4 45. Kb5 Ke5 46. Kc5 g3 47. fxg3 hxg3 48. h4 Ke6 49. h5 Ke5 50. Nf3+ Ke4 51. h6 1-0

[Event "Winnipeg TNT October op"]
[Site "Winnipeg"]
[Date "2006.10.17"]
[Round "3"]
[White "Essery, Richard"]
[Black "Adol, Deng"]
[Result "0-1"]
[WhiteElo "1543"]
[BlackElo "1722"]
[PlyCount "80"]
[EventDate "2006.10.03"]
[EventType "swiss"]
[EventRounds "4"]
[EventCountry "CAN"]
[SourceTitle "EXT 2019"]
[Source "ChessBase"]
[SourceDate "2018.10.10"]
[SourceVersion "1"]
[SourceVersionDate "2018.10.10"]
[SourceQuality "1"]

1. d4 d5 2. Nf3 e6 3. Bf4 h6 4. e3 Nc6 5. c3 Nf6 6. Bd3 Nh5 7. Bg3 Nxg3 8. hxg3 Bd7 9. Nbd2 Bd6 10. e4 dxe4 11. Nxe4 Qe7 12. Qe2 0-0-0 13. Nxd6+ Qxd6 14. 0-0-0 Qd5 15. Kb1 g5 16. Be4 Qa5 17. Bxc6 Bxc6 18. Ne5 Bxg2 19. Rh2 f6 20. Nf7 Qf5+ 21. Kc1 Bf3 22. Qd3 Bxd1 23. Qxf5 exf5 24. Nxh8 Rxh8 25. Kxd1 Kd7 26. f3 h5 27. Ke2 h4 28. Ke3 f4+ 29. gxf4 Ke6 30. Ke4 f5+ 31. Ke3 g4 32. fxg4 fxg4 33. c4 Kf5 34. b4 g3 35. Re2 Re8+ 36. Kf3 Rxe2 37. Kxe2 Kxf4 38. Kf1 Kf3 39. d5 h3 40. Kg1 h2+ 0-1

[Event "Winnipeg TNT September op"]
[Site "Winnipeg"]
[Date "2006.09.26"]
[Round "4"]
[White "Czypinski, Jaroslaw"]
[Black "Adol, Deng"]
[Result "0-1"]
[WhiteElo "1898"]
[BlackElo "1785"]
[PlyCount "100"]
[EventDate "2006.09.26"]
[EventType "swiss"]
[EventRounds "4"]
[EventCountry "CAN"]
[SourceTitle "EXT 2019"]
[Source "ChessBase"]
[SourceDate "2018.10.10"]
[SourceVersion "1"]
[SourceVersionDate "2018.10.10"]
[SourceQuality "1"]

1. e4 e5 2. Nf3 d6 3. d4 exd4 4. Nxd4 Bd7 5. Bc4 Nf6 6. 0-0 Be7 7. Nc3 0-0 8. b3 Nc6 9. Bb2 a6 10. Nxc6 Bxc6 11. Re1 b5 12. Bd3 Nd7 13. Nd5 Bxd5 14. exd5 Bf6 15. Bxf6 Qxf6 16. Qd2 Rae8 17. Rad1 Ne5 18. Be2 Qd8 19. Rc1 Qa8 20. f4 Ng6 21. Bf3 h6 22. g3 Re7 23. Rxe7 Nxe7 24. Re1 Nf5 25. Be4 Ne7 26. Bh7+ Kxh7 27. Rxe7 Qa7+ 28. Qf2 Qb8 29. Qd4 Kg8 30. Qe3 Qb7 31. Qd4 Qc8 32. Qc3 Qf5 33. Qc6 Qf6 34. Re1 Qb2 35. Qxc7 Qd4+ 36. Kf1 Qxd5 37. Qb6 Rc8 38. Re2 Qd1+ 39. Kf2 Rxc2 40. Rxc2 Qxc2+ 41. Kf3 Qxa2 42. Qe3 Qxh2 43. Qe8+ Kh7 44. Qxf7 Qc2 45. f5 Qc3+ 46. Kg2 Qf6 47. Qd5 b4 48. Kh2 h5 49. Kg2 a5 50. Qxa5 Qb2+ 0-1

[Event "Winnipeg Yanofsky Memorial"]
[Site "Winnipeg"]
[Date "2006.09.02"]
[Round "3"]
[White "Nikouline, Alexandre"]
[Black "Adol, Deng"]
[Result "1-0"]
[WhiteElo "2021"]
[BlackElo "1785"]
[PlyCount "117"]
[EventDate "2006.09.01"]
[EventType "swiss"]
[EventRounds "5"]
[EventCountry "CAN"]
[SourceTitle "EXT 2007"]
[Source "ChessBase"]
[SourceDate "2006.11.23"]
[SourceVersion "1"]
[SourceVersionDate "2006.11.23"]
[SourceQuality "1"]

1. e4 e5 2. Nf3 d6 3. d4 exd4 4. Nxd4 Nf6 5. Nc3 Be7 6. Bd3 0-0 7. 0-0 Nc6 8. Nxc6 bxc6 9. Bg5 Qd7 10. f3 Nh5 11. f4 Nf6 12. f5 Bb7 13. Qf3 h6 14. Be3 d5 15. e5 d4 16. exf6 Bxf6 17. Ne4 dxe3 18. Nxf6+ gxf6 19. Qxe3 Kh7 20. Rf4 Rg8 21. Rh4 Rg5 22. Qh3 Kg7 23. Rb4 Bc8 24. Qf3 Qd6 25. Rc4 Bb7 26. Be4 Rd8 27. Rc3 Re8 28. Rd1 Qe5 29. h4 Qxe4 30. hxg5 hxg5 31. Qxe4 Rxe4 32. Rd7 Bc8 33. Rxc7 Bxf5 34. Kf2 Rf4+ 35. Rf3 Rxf3+ 36. gxf3 Bxc2 37. Rxa7 Bf5 38. Rc7 Be6 39. a4 Bd5 40. b4 f5 41. a5 g4 42. f4 Kf6 43. a6 Ke6 44. a7 c5 45. Rxc5 Bf3 46. b5 Kd6 47. Rc6+ Bxc6 48. bxc6 Kxc6 49. a8Q+ Kd6 50. Qe8 f6 51. Ke3 g3 52. Qg6 Ke6 53. Qxg3 Kd5 54. Qg7 Kc5 55. Qd7 Kc4 56. Qc6+ Kb3 57. Kd3 Kb4 58. Qb6+ Ka3 59. Kc3 1-0

[Event "Winnipeg TNT Aug op"]
[Site "Winnipeg"]
[Date "2006.08.22"]
[Round "4"]
[White "Wasserman, Leor"]
[Black "Adol, Deng"]
[Result "0-1"]
[WhiteElo "1348"]
[BlackElo "1785"]
[PlyCount "58"]
[EventDate "2006.08.01"]
[EventType "swiss"]
[EventRounds "4"]
[EventCountry "CAN"]
[SourceTitle "EXT 2007"]
[Source "ChessBase"]
[SourceDate "2006.11.23"]
[SourceVersion "1"]
[SourceVersionDate "2006.11.23"]
[SourceQuality "1"]

1. e4 e5 2. Nf3 d6 3. Bc4 h6 4. 0-0 Nc6 5. Nc3 Nf6 6. Re1 Be7 7. d4 exd4 8. Nxd4 Nxd4 9. Qxd4 0-0 10. Bf4 Be6 11. Bb3 Nh5 12. Be3 a6 13. Bxe6 fxe6 14. Qc4 Qd7 15. Rad1 b5 16. Qb3 Kh8 17. Ne2 e5 18. Qd3 Nf6 19. c4 Qc6 20. cxb5 axb5 21. Rc1 Qb7 22. Nc3 c6 23. a3 c5 24. Nxb5 Ra5 25. Nxd6 Qxb2 26. Bxc5 Nd7 27. Be3 Rxa3 28. Nc4 Qxc1 29. Nxa3 Qxe1+ 0-1